Vplyv ťažby a približovania na poškodenie následného a materského porastu pri okrajovom rube v nezmiešaných bučinách

Bibliographic Details
Main Author: Saniga, Milan, 1951- (Author)
Format: Article
Language:Slovak
PhysicalDescription:Tb. 12. Res. rus., angl., nem., lit. 6 zázn. v slov., ruš.
Subjects:

MARC

LEADER 00000nab a2200000 a 4500
001 vtls000327969
003 SK-MaSNL
005 20260304081733.0
008 250424c1988 xo 0 slo
015 |a SNBRB19rr/mm-uuuuu 
035 |a CL0328091 
035 |a urn:nbn:sk:snk-ab837 
035 |a (urnnbn)urn:nbn:sk:snk:ar-005baq 
035 |a (uuid)12f5f226-39a4-4abb-b8c5-c8fb691b3cbf 
040 |a SNKBUCL  |b slo  |c SNKBUCL  |e AACR2 
041 0 |a slo 
044 |a xo  |c SK 
080 |a 630 32:630 41  |2 1981 
080 |a 630 41  |2 1981 
100 1 |a Saniga, Milan,  |d 1951-  |4 aut  |9 198189 
245 1 0 |a Vplyv ťažby a približovania na poškodenie následného a materského porastu pri okrajovom rube v nezmiešaných bučinách  |c Milan Saniga 
300 |b Tb. 12. Res. rus., angl., nem., lit. 6 zázn. v slov., ruš. 
650 0 7 |a bukové porasty  |2 snkbucl  |9 78544 
650 0 7 |a ťažba dreva  |2 snkbucl  |9 16648 
655 7 |a články z novín a časopisov  |2 snkbucl  |9 267496 
773 0 |t Lesnícky časopis  |g Roč. 34, č. 3 (1988), s. 211-227 
850 |a Slovenská národná knižnica 
852 |a Slovenská národná knižnica 
954 |a odborná, vedecká literatúra pôvodná (slovenská)  |2 lita 
958 |a article2022 
958 |a OND 
958 |a NB 
958 |a RK 
958 |a EUIPO 
992 |a RBX 
999 |c 2792002  |d 2793932